[Event "RA Summet Pickup #2"]
[Site "Ottawa CAN"]
[Date "2003.07.03"]
[Round "4"]
[White "Veltmann, Alfred"]
[Black "Abt, Michael"]
[Result "1-0"]
[WhiteElo "1668"]
[BlackElo "1678"]
[PlyCount "77"]
[EventDate "2003.06.12"]
[EventType "swiss"]
[EventRounds "6"]
[EventCountry "CAN"]

1. e4 g6 2. d4 Bg7 3. Nf3 d6 4. Bc4 Nc6 5. Be3 Na5 6. Be2 c5 7. c3 cxd4 8. Bxd4
e5 9. Be3 Bd7 10. Qxd6 Nc6 11. O-O Nge7 12. Rd1 Bg4 13. Qxd8+ Nxd8 14. h3 Be6
15. Ng5 O-O 16. Nxe6 Nxe6 17. Na3 a6 18. Nc4 b5 19. Nb6 Rad8 20. a4 Nc7 21.
axb5 Rxd1+ 22. Rxd1 Nxb5 23. Ra1 Nc7 24. Rd1 Re8 25. Rd7 Nb5 26. Bc5 Bf8 27.
Bc4 Kg7 28. Kf1 f5 29. exf5 gxf5 30. Nd5 Rc8 31. Bxe7 Rxc4 32. Bb4+ Kg6 33.
Bxf8 h6 34. Rg7+ Kh5 35. Nf6+ Kh4 36. g3+ Kxh3 37. Rh7 Rh4 38. gxh4 Kxh4 39.
Bxh6 1-0

[Event "RA Summet Pickup #2"]
[Site "Ottawa CAN"]
[Date "2003.07.17"]
[Round "6"]
[White "Yuan, Michael"]
[Black "Veltmann, Alfred"]
[Result "1-0"]
[WhiteElo "1704"]
[BlackElo "1668"]
[PlyCount "79"]
[EventDate "2003.06.12"]
[EventType "swiss"]
[EventRounds "6"]
[EventCountry "CAN"]

1. e4 e5 2. Nf3 Nc6 3. Bb5 a6 4. Ba4 Nf6 5. Qe2 Bc5 6. Bxc6 dxc6 7. Nxe5 Qd4 8.
Nd3 O-O 9. Nxc5 Qxc5 10. d3 Bg4 11. f3 Bd7 12. Nc3 Rfe8 13. Qe3 Qa5 14. O-O h6
15. Bd2 Qh5 16. Qf4 Rac8 17. Rac1 Nh7 18. Ne2 c5 19. Qg3 g6 20. Nf4 Qg5 21.
Qxg5 hxg5 22. Nd5 Bc6 23. c4 f5 24. Be3 b6 25. Rfd1 Re6 26. Rc2 Kf7 27. Rf2 f4
28. Bd2 Nf6 29. h4 gxh4 30. Bxf4 Ne8 31. Bg5 Rb8 32. Bxh4 Rb7 33. f4 Bd7 34. f5
Rc6 35. Ne7 Rf6 36. Bxf6 Kxf6 37. Nd5+ Kf7 38. fxg6+ Kxg6 39. Rdf1 b5 40. Rf7
1-0

[Event "RA Winter op"]
[Site "Ottawa CAN"]
[Date "2003.01.11"]
[Round "1"]
[White "Pacey, Kevin"]
[Black "Lucki, Arnie"]
[Result "1-0"]
[WhiteElo "2310"]
[BlackElo "1990"]
[PlyCount "47"]
[EventDate "2003.01.11"]
[EventType "swiss"]
[EventRounds "5"]
[EventCountry "CAN"]

1. e4 c6 2. d4 d5 3. exd5 cxd5 4. Bd3 Nf6 5. c3 Nc6 6. Bf4 e6 7. Nf3 Bd6 8.
Bxd6 Qxd6 9. Nbd2 O-O 10. O-O e5 11. Nxe5 Nxe5 12. dxe5 Qxe5 13. Re1 Qf4 14. g3
Qd6 15. Nc4 Qc5 16. Ne5 Bh3 17. Qa4 Rfe8 18. Qh4 Ne4 19. Bxe4 dxe4 20. Qxe4 Re6
21. Qxb7 Rae8 22. Qxf7+ Kh8 23. Qh5 Rf8 24. Nf7+ 1-0

[Event "RA Winter op"]
[Site "Ottawa CAN"]
[Date "2003.01.11"]
[Round "2"]
[White "Brice, Ron"]
[Black "Pacey, Kevin"]
[Result "0-1"]
[WhiteElo "2117"]
[BlackElo "2310"]
[PlyCount "68"]
[EventDate "2003.01.11"]
[EventType "swiss"]
[EventRounds "5"]
[EventCountry "CAN"]

1. c4 f5 2. g3 Nf6 3. Bg2 g6 4. b3 Bg7 5. Bb2 O-O 6. d3 d6 7. e4 e5 8. Ne2 Ng4
9. exf5 gxf5 10. Qd2 f4 11. Bd5+ Kh8 12. gxf4 Qh4 13. Ng3 Rxf4 14. f3 Nf6 15.
Nc3 Bh6 16. Qe2 Nc6 17. Bxc6 bxc6 18. Bc1 Bh3 19. Be3 d5 20. Bd2 e4 21. dxe4
dxe4 22. O-O-O exf3 23. Qe5 Re8 24. Qxc7 Rd4 25. Bxh6 Qxh6+ 26. Kc2 Rxd1 27.
Rxd1 Ng4 28. Nf5 Qg6 29. Qf4 Ne3+ 30. Kc1 Qxf5 31. Qd4+ Qe5 32. Qxe5+ Rxe5 33.
Rd2 Ng4 34. Nd1 Re1 0-1

[Event "RA Winter op"]
[Site "Ottawa CAN"]
[Date "2003.01.11"]
[Round "3"]
[White "Pacey, Kevin"]
[Black "Southam, David"]
[Result "1/2-1/2"]
[WhiteElo "2310"]
[BlackElo "2188"]
[PlyCount "59"]
[EventDate "2003.01.11"]
[EventType "swiss"]
[EventRounds "5"]
[EventCountry "CAN"]

1. Nf3 d5 2. e3 Nf6 3. c4 e6 4. b3 Be7 5. Bb2 O-O 6. Be2 c5 7. O-O Nc6 8. d3 b6
9. Ne5 Nxe5 10. Bxe5 Nd7 11. Bb2 Bf6 12. Qc2 Bxb2 13. Qxb2 Qf6 14. Qxf6 Nxf6
15. Bf3 Bb7 16. Nc3 Rad8 17. Rfd1 e5 18. cxd5 Nxd5 19. Nb5 Rd7 20. Nxa7 Nxe3
21. fxe3 Bxf3 22. gxf3 Rxa7 23. a4 Rd8 24. Rac1 f5 25. Kf2 Rd6 26. Rc4 Rh6 27.
Kg2 Rg6+ 28. Kf2 Rh6 29. Kg2 Rg6+ 30. Kf2 1/2-1/2

[Event "RA Winter op"]
[Site "Ottawa CAN"]
[Date "2003.01.12"]
[Round "4"]
[White "Simic, Dusan"]
[Black "Pacey, Kevin"]
[Result "0-1"]
[WhiteElo "2188"]
[BlackElo "2310"]
[PlyCount "72"]
[EventDate "2003.01.11"]
[EventType "swiss"]
[EventRounds "5"]
[EventCountry "CAN"]

1. g3 f5 2. Bg2 Nf6 3. Nf3 g6 4. d4 Bg7 5. c3 O-O 6. Ne5 e6 7. Nd2 d6 8. Nd3
Nc6 9. e4 e5 10. d5 Ne7 11. O-O fxe4 12. Nxe4 Nxe4 13. Bxe4 Bh3 14. Re1 Qd7 15.
Bg5 Bf6 16. Bh6 Rf7 17. Qd2 Nf5 18. Bg5 Raf8 19. Bg2 Bxg2 20. Kxg2 Bxg5 21.
Qxg5 Qb5 22. Rad1 Qxd5+ 23. Kg1 Qxa2 24. h4 Ng7 25. Re2 Qa4 26. Rde1 Qc4 27.
Re3 Rf5 28. Qe7 R5f6 29. Qd7 Nf5 30. b3 Qxb3 31. Qxc7 Nxe3 32. Rxe3 Qf7 33.
Qxf7+ R8xf7 34. f4 exf4 35. Nxf4 Rxf4 36. gxf4 Rxf4 0-1

[Event "RACC-ch"]
[Site "Ottawa CAN"]
[Date "2003.01.09"]
[Round "1"]
[White "Hubley, Roger"]
[Black "Pacey, Kevin"]
[Result "0-1"]
[WhiteElo "2072"]
[BlackElo "2310"]
[PlyCount "109"]
[EventDate "2003.01.09"]
[EventType "swiss"]
[EventRounds "7"]
[EventCountry "CAN"]

1. e4 e5 2. Nf3 Nc6 3. Bb5 a6 4. Ba4 Nf6 5. O-O Be7 6. Re1 b5 7. Bb3 d6 8. c3
O-O 9. h3 Nb8 10. d4 Nbd7 11. Nbd2 Bb7 12. a4 c5 13. Bc2 Re8 14. Nf1 Bf8 15.
Ng3 g6 16. d5 c4 17. Bg5 h6 18. Be3 Bg7 19. Nh2 h5 20. Bg5 Qc7 21. Rf1 Nh7 22.
Be3 Nc5 23. axb5 axb5 24. Rxa8 Bxa8 25. Qd2 Bb7 26. Bh6 Qb6 27. Kh1 Bxh6 28.
Qxh6 Nd7 29. Nf3 Ra8 30. Nh4 Qd8 31. Nf3 Nc5 32. Qe3 Ra2 33. Rb1 Qf6 34. Ne2
Nf8 35. Nc1 Ra6 36. b4 Ncd7 37. Ne2 Kg7 38. Qc1 Qd8 39. Ra1 Qb6 40. Rxa6 Bxa6
41. Kg1 Bb7 42. Nh4 Qd8 43. g3 Nb6 44. Qd2 Bc8 45. f4 Bxh3 46. f5 Bg4 47. Kg2
Nh7 48. Ng1 Qg5 49. Qf2 Qc1 50. Ngf3 g5 51. f6+ Kg8 52. Qxb6 Qxc2+ 53. Kg1 gxh4
54. Qd8+ Nf8 55. Nxh4 0-1

[Event "RACC-ch"]
[Site "Ottawa CAN"]
[Date "2003.01.09"]
[Round "1"]
[White "Loizides, Yiannis"]
[Black "Veltmann, Alfred"]
[Result "0-1"]
[WhiteElo "1426"]
[BlackElo "1646"]
[PlyCount "98"]
[EventDate "2003.01.09"]
[EventType "swiss"]
[EventRounds "7"]
[EventCountry "CAN"]

1. d4 d5 2. Nf3 Nf6 3. g3 b6 4. Bg2 Bb7 5. O-O Nbd7 6. Nc3 e6 7. Bf4 a6 8. a4
c5 9. e3 h6 10. Ne5 g5 11. Nxd7 Nxd7 12. Be5 f6 13. Qh5+ Ke7 14. f4 Qe8 15. Qg4
Bg7 16. Bh3 f5 17. Qe2 Bxe5 18. fxe5 h5 19. Rf2 Qg6 20. Raf1 Raf8 21. Bg2 Nb8
22. h3 Nc6 23. Bxd5 exd5 24. Nxd5+ Kd8 25. Nxb6 cxd4 26. Rd1 Qe6 27. exd4 Ne7
28. Nc4 Qd5 29. Kh2 Nc8 30. Ne3 Qe4 31. c3 f4 32. Rdf1 fxg3+ 33. Kxg3 h4+ 34.
Kh2 Rxf2+ 35. Qxf2 Ne7 36. Ng4 Nd5 37. Nf6 Qf4+ 38. Qxf4 Nxf4 39. Re1 Ke7 40.
Re3 Rc8 41. Ne4 Bxe4 42. Rxe4 Rc4 43. a5 Ra4 44. b4 Ra2+ 45. Kh1 Nxh3 46. c4
Nf2+ 47. Kg1 Nxe4 48. d5 h3 49. d6+ Kd7 0-1

[Event "RACC-ch"]
[Site "Ottawa CAN"]
[Date "2003.01.16"]
[Round "2"]
[White "Pacey, Kevin"]
[Black "Devenport, Martin"]
[Result "1-0"]
[WhiteElo "2310"]
[BlackElo "2152"]
[PlyCount "31"]
[EventDate "2003.01.09"]
[EventType "swiss"]
[EventRounds "7"]
[EventCountry "CAN"]

1. e4 c5 2. Nf3 d6 3. d4 cxd4 4. Nxd4 e5 5. Bb5+ Bd7 6. Bxd7+ Qxd7 7. Nb3 Nf6
8. Nc3 Nc6 9. O-O Be7 10. Bg5 O-O 11. Bxf6 Bxf6 12. Nd5 Be7 13. Nc5 Qd8 14. Nd3
Rc8 15. Qg4 Nd4 16. Qxc8 1-0

[Event "RACC-ch"]
[Site "Ottawa CAN"]
[Date "2003.01.18"]
[Round "2"]
[White "Veltmann, Alfred"]
[Black "Tremblay, Benoit"]
[Result "1-0"]
[WhiteElo "1646"]
[BlackElo "1548"]
[PlyCount "95"]
[EventDate "2003.01.09"]
[EventType "swiss"]
[EventRounds "7"]
[EventCountry "CAN"]

1. d4 e6 2. c4 f5 3. Nf3 Nf6 4. Nc3 Be7 5. e3 O-O 6. Bd3 b6 7. b3 Bb7 8. Bb2
Nc6 9. a3 Bd6 10. Nb5 Ne7 11. h3 Be4 12. O-O Bxd3 13. Qxd3 Ne4 14. Nc3 Nxc3 15.
Qxc3 Ng6 16. c5 Be7 17. Qc4 bxc5 18. dxc5 Bf6 19. Qc2 Bxb2 20. Qxb2 Qf6 21. Qd2
Rf7 22. Rfd1 Ne5 23. Nxe5 Qxe5 24. Qd4 Qxd4 25. Rxd4 Re7 26. Rad1 Rd8 27. Ra4
Ra8 28. Rdd4 Kf7 29. Ra6 Rb8 30. Rb4 Ree8 31. Rxa7 Ke7 32. Rxc7 Rxb4 33. axb4
Kd8 34. Ra7 Ke7 35. b5 Rc8 36. b4 Kd8 37. b6 Rb8 38. Kf1 Kc8 39. Ke2 g5 40. Kd3
Rb7 41. Ra8+ Rb8 42. Rxb8+ Kxb8 43. Kd4 Kb7 44. b5 d6 45. cxd6 Kxb6 46. Ke5 Kb7
47. Kxe6 Kc8 48. Ke7 1-0

[Event "RACC-ch"]
[Site "Ottawa CAN"]
[Date "2003.01.23"]
[Round "3"]
[White "Veltmann, Alfred"]
[Black "Pacey, Kevin"]
[Result "0-1"]
[WhiteElo "1699"]
[BlackElo "2310"]
[PlyCount "60"]
[EventDate "2003.01.09"]
[EventType "swiss"]
[EventRounds "7"]
[EventCountry "CAN"]

1. d4 Nf6 2. c4 g6 3. Nc3 d5 4. Bg5 Ne4 5. Nxe4 dxe4 6. f3 Bg7 7. Be3 c5 8.
fxe4 cxd4 9. Bf2 O-O 10. Nf3 Nc6 11. a3 Be6 12. Rc1 Qa5+ 13. Qd2 Qxd2+ 14. Nxd2
Rac8 15. b3 Rfd8 16. g3 Bh6 17. Rb1 Ne5 18. h3 f5 19. Bg2 f4 20. g4 a6 21. Nf3
Nxf3+ 22. Bxf3 d3 23. Rd1 dxe2 24. Kxe2 b5 25. Rxd8+ Rxd8 26. Rc1 bxc4 27. bxc4
Bg7 28. Rc2 Rc8 29. Kd3 Rb8 30. Bd4 Rd8 0-1

[Event "RACC-ch"]
[Site "Ottawa CAN"]
[Date "2003.01.30"]
[Round "4"]
[White "Hubley, Roger"]
[Black "Veltmann, Alfred"]
[Result "1-0"]
[WhiteElo "2042"]
[BlackElo "1646"]
[PlyCount "69"]
[EventDate "2003.01.09"]
[EventType "swiss"]
[EventRounds "7"]
[EventCountry "CAN"]

1. e4 e5 2. Nf3 Nc6 3. Bb5 Nf6 4. O-O Nxe4 5. d4 d5 6. Nxe5 Bd7 7. Nxd7 Qxd7 8.
Nc3 Nxc3 9. bxc3 O-O-O 10. Bf4 Qf5 11. Bg3 Qf6 12. a4 Na5 13. Re1 Bd6 14. Qg4+
Kb8 15. Bh4 Qg6 16. Qxg6 hxg6 17. Bxd8 Rxd8 18. Re8 Kc8 19. Rae1 c6 20. Bd3 Kd7
21. Rxd8+ Kxd8 22. g3 Kd7 23. f4 b6 24. Kf2 Nb7 25. h4 Be7 26. Kf3 Nd6 27. Rh1
Ke6 28. h5 gxh5 29. Rxh5 a6 30. Rh8 Kd7 31. Ra8 a5 32. g4 Bd8 33. Ra7+ Ke6 34.
Ra8 Ke7 35. f5 1-0

[Event "RACC-ch"]
[Site "Ottawa CAN"]
[Date "2003.01.30"]
[Round "4"]
[White "Pacey, Kevin"]
[Black "Voloaca, Mihnea"]
[Result "1-0"]
[WhiteElo "2310"]
[BlackElo "2301"]
[PlyCount "53"]
[EventDate "2003.01.09"]
[EventType "swiss"]
[EventRounds "7"]
[EventCountry "CAN"]

1. d4 d5 2. c4 c6 3. e3 Nf6 4. Nc3 e6 5. Nf3 Nbd7 6. Bd3 dxc4 7. Bxc4 b5 8. Bd3
Bb7 9. O-O a6 10. e4 c5 11. e5 cxd4 12. Nxb5 axb5 13. exf6 Qb6 14. fxg7 Bxg7
15. Ng5 h6 16. Ne4 Ne5 17. Bf4 Nxd3 18. Qxd3 e5 19. Qg3 O-O 20. Bxe5 f6 21. Bc7
Qc6 22. Rfe1 Qc2 23. Rac1 Qxb2 24. Nd6 Ra3 25. Qg6 f5 26. Nxb7 d3 27. Be5 1-0

[Event "RACC-ch"]
[Site "Ottawa CAN"]
[Date "2003.02.06"]
[Round "5"]
[White "Pacey, Kevin"]
[Black "Saleh, Maher"]
[Result "1/2-1/2"]
[WhiteElo "2310"]
[BlackElo "2316"]
[PlyCount "77"]
[EventDate "2003.01.09"]
[EventType "swiss"]
[EventRounds "7"]
[EventCountry "CAN"]

1. d4 Nf6 2. c4 g6 3. Nc3 d5 4. e3 Bg7 5. Nf3 O-O 6. Be2 c5 7. O-O cxd4 8. exd4
Nc6 9. Bg5 dxc4 10. Bxc4 Bg4 11. d5 Bxf3 12. Qxf3 Nd4 13. Qd1 Nf5 14. Re1 a6
15. Qd2 Re8 16. Rad1 Rc8 17. Bb3 Qa5 18. h3 Qb4 19. Bxf6 Bxf6 20. Ne4 Qxd2 21.
Nxf6+ exf6 22. Rxe8+ Rxe8 23. Rxd2 Re1+ 24. Kh2 Nd6 25. Rc2 Kf8 26. Rc7 Re7 27.
Rxe7 Kxe7 28. Kg3 f5 29. Kf4 f6 30. h4 h6 31. Ke3 g5 32. g3 b6 33. h5 a5 34.
Bc2 Kd7 35. Bd3 Ke7 36. f3 Kd7 37. Kd4 Ke7 38. Kc3 Kd7 39. Kd4 1/2-1/2

[Event "RACC-ch"]
[Site "Ottawa CAN"]
[Date "2003.02.06"]
[Round "5"]
[White "Veltmann, Alfred"]
[Black "Bunning, Les"]
[Result "1-0"]
[WhiteElo "1646"]
[BlackElo "1839"]
[PlyCount "77"]
[EventDate "2003.01.09"]
[EventType "swiss"]
[EventRounds "7"]
[EventCountry "CAN"]

1. d4 Nf6 2. c4 g6 3. Nc3 Bg7 4. e4 d6 5. Nf3 O-O 6. Be2 c5 7. dxc5 dxc5 8.
Qxd8 Rxd8 9. Bf4 Nc6 10. Rd1 Rxd1+ 11. Bxd1 b6 12. Nd2 Nb4 13. Be2 Nc2+ 14. Kf1
Bb7 15. Bd1 Nb4 16. Nd5 Nfxd5 17. exd5 Bxb2 18. h4 Nxa2 19. h5 Nb4 20. hxg6
fxg6 21. Bg4 Kg7 22. Rh3 Nc2 23. Bh6+ Kh8 24. Rf3 Bg7 25. Bg5 Rf8 26. Bxe7 Rxf3
27. Nxf3 a5 28. d6 Nb4 29. Ng5 Nc6 30. d7 a4 31. Bd1 a3 32. Bb3 Kg8 33. d8=Q+
Nxd8 34. Bxd8 Bc6 35. Bxb6 Ba4 36. Ba2 Bc2 37. Bxc5 h6 38. Nf3 Kf7 39. Bxa3 1-0

[Event "RACC-ch"]
[Site "Ottawa CAN"]
[Date "2003.02.13"]
[Round "6"]
[White "De Kerpel, Stijn"]
[Black "Veltmann, Alfred"]
[Result "1-0"]
[WhiteElo "2048"]
[BlackElo "1646"]
[PlyCount "117"]
[EventDate "2003.01.09"]
[EventType "swiss"]
[EventRounds "7"]
[EventCountry "CAN"]

1. c4 Nf6 2. g3 Nc6 3. Bg2 e5 4. Nc3 Be7 5. a3 b6 6. d3 Bb7 7. Nh3 a5 8. O-O
Qc8 9. e4 d6 10. f4 Qg4 11. Qxg4 Nxg4 12. Nd5 Bd8 13. Bf3 Nf6 14. Be3 Nd7 15.
Rf2 Nc5 16. Be2 Nb3 17. Raf1 O-O 18. fxe5 dxe5 19. Bh5 f6 20. Bg4 Bc8 21. Bxc8
Rxc8 22. g4 Ne7 23. g5 Nxd5 24. cxd5 Be7 25. gxf6 Rxf6 26. Rxf6 gxf6 27. Nf2
Nc5 28. Rc1 Nd7 29. Kf1 Bd6 30. Ke2 Kf7 31. Ng4 Bf8 32. d4 h5 33. dxe5 fxe5 34.
Rf1+ Kg6 35. Nf2 Be7 36. Nd3 Rg8 37. Bf2 Rf8 38. Rg1+ Kh7 39. Bg3 Rg8 40. Rf1
h4 41. Rf7+ Rg7 42. Rxg7+ Kxg7 43. Bxe5+ Nxe5 44. Nxe5 Kf6 45. Nf3 h3 46. Ng1
Bd6 47. Nxh3 Bxh2 48. Nf2 Bf4 49. Kf3 Bc1 50. Nd3 Bh6 51. Kg4 Be3 52. e5+ Kf7
53. b3 b5 54. a4 bxa4 55. bxa4 Ke7 56. Nf4 Bc5 57. Ng6+ Ke8 58. Kf5 Bb4 59. Ke6
1-0

[Event "RACC-ch"]
[Site "Ottawa CAN"]
[Date "2003.02.13"]
[Round "6"]
[White "Predescu, Sebastian"]
[Black "Pacey, Kevin"]
[Result "0-1"]
[WhiteElo "2219"]
[BlackElo "2310"]
[PlyCount "94"]
[EventDate "2003.01.09"]
[EventType "swiss"]
[EventRounds "7"]
[EventCountry "CAN"]

1. e4 e6 2. d4 d5 3. e5 c5 4. c3 Nc6 5. Nf3 Qb6 6. a3 c4 7. Nbd2 Bd7 8. b3 cxb3
9. Nxb3 Na5 10. Nxa5 Qxa5 11. Bd2 Qc7 12. Qb3 Ne7 13. c4 dxc4 14. Bxc4 Bc6 15.
Rc1 Qd7 16. O-O Nd5 17. Rfd1 Be7 18. Qd3 O-O 19. Bg5 Rfd8 20. Rd2 h6 21. Bxd5
Bxd5 22. Bxe7 Qxe7 23. Rdc2 Bc6 24. Nd2 Qh4 25. Rxc6 bxc6 26. Ne4 Qf4 27. Rc3
Rd5 28. g3 Qf5 29. Qe3 Rad8 30. Rxc6 Rxd4 31. Nd6 Qd3 32. Qxd3 Rxd3 33. a4 Rd5
34. f4 f6 35. Nc4 fxe5 36. Nxe5 Ra5 37. Rc4 Rd1+ 38. Kg2 Ra1 39. h4 h5 40. Rc8+
Kh7 41. Nf7 R1xa4 42. Rh8+ Kg6 43. Ne5+ Rxe5 44. fxe5 Ra5 45. Ra8 Kf5 46. Rg8
g6 47. Rg7 a6 0-1

[Event "RACC-ch"]
[Site "Ottawa CAN"]
[Date "2003.02.20"]
[Round "7"]
[White "Pacey, Kevin"]
[Black "Djerkovic, Miladin"]
[Result "0-1"]
[WhiteElo "2310"]
[BlackElo "2225"]
[PlyCount "72"]
[EventDate "2003.01.09"]
[EventType "swiss"]
[EventRounds "7"]
[EventCountry "CAN"]

1. d4 Nf6 2. Nc3 d5 3. Bg5 Nbd7 4. e3 e6 5. Bd3 c5 6. Nf3 Be7 7. O-O O-O 8. Ne5
Nxe5 9. dxe5 Nd7 10. Bxe7 Qxe7 11. f4 c4 12. Be2 Qc5 13. Qd4 b5 14. Qxc5 Nxc5
15. Nxb5 Rb8 16. Nd4 Rxb2 17. Rfb1 Rxb1+ 18. Rxb1 Bd7 19. Bf3 Rc8 20. g4 Kf8
21. Kf2 Ke7 22. Bg2 f6 23. e4 dxe4 24. Ke3 f5 25. Rb4 Na6 26. Rb7 Rc7 27. Rxc7
Nxc7 28. Ne2 Ba4 29. Kd2 Nd5 30. gxf5 exf5 31. Bf1 g5 32. Nd4 c3+ 33. Ke1 Ne3
34. fxg5 Nxc2+ 35. Nxc2 Bxc2 36. Bc4 Bd3 0-1

[Event "RACC-ch"]
[Site "Ottawa CAN"]
[Date "2003.02.20"]
[Round "7"]
[White "Veltmann, Alfred"]
[Black "Dale, Stephen"]
[Result "1-0"]
[WhiteElo "1646"]
[BlackElo "1883"]
[PlyCount "89"]
[EventDate "2003.01.09"]
[EventType "swiss"]
[EventRounds "7"]
[EventCountry "CAN"]

1. d4 Nf6 2. c4 c5 3. d5 e6 4. Nc3 exd5 5. cxd5 d6 6. e4 g6 7. Nf3 Bg7 8. Be2
O-O 9. O-O Bg4 10. h3 Bxf3 11. Bxf3 a6 12. a4 Nbd7 13. Bg5 Qc7 14. Qd2 Rfe8 15.
Rfe1 Rab8 16. Rab1 b5 17. axb5 axb5 18. b3 Nf8 19. h4 N6d7 20. h5 Nf6 21. Be2
b4 22. Nb5 Qb6 23. h6 Bh8 24. f4 c4+ 25. Kh1 c3 26. Qc2 N6d7 27. Ra1 Nc5 28.
Bc4 Nfd7 29. Bh4 Nf6 30. e5 dxe5 31. fxe5 Ng4 32. Nd6 Rxe5 33. Rxe5 Nxe5 34.
Ne4 Nxe4 35. Qxe4 Re8 36. Ra6 Qb8 37. d6 Qc8 38. Qd5 Qg4 39. Be7 c2 40. Ra1 Qf5
41. Rf1 Qh5+ 42. Kg1 g5 43. d7 Nxd7 44. Qxd7 Bd4+ 45. Qxd4 1-0

[Event "Raising The Roof Active"]
[Site "Vancouver CAN"]
[Date "2003.02.01"]
[Round "1"]
[White "Kosinski, George"]
[Black "Kury, Bill"]
[Result "1-0"]
[WhiteElo "1818"]
[BlackElo "1280"]
[PlyCount "87"]
[EventDate "2003.02.01"]
[EventType "tourn (rapid)"]
[EventRounds "5"]
[EventCountry "CAN"]

1. c4 c5 2. Nf3 Nc6 3. g3 Nf6 4. Nc3 g6 5. Bg2 Bg7 6. O-O O-O 7. d3 e6 8. Be3
d6 9. h3 b6 10. Qd2 Bb7 11. Bh6 Ne7 12. Bxg7 Kxg7 13. e4 Nc6 14. d4 cxd4 15.
Nxd4 Nxd4 16. Qxd4 Qe7 17. e5 dxe5 18. Qxe5 Bxg2 19. Kxg2 Qb7+ 20. Kg1 Rad8 21.
g4 h6 22. Rad1 Qf3 23. Rxd8 Rxd8 24. Re1 Qxh3 25. Re4 Rd2 26. Rf4 Qh4 27. Qxf6+
Qxf6 28. Rxf6 Rd4 29. Rf3 Rxg4+ 30. Kf1 Rxc4 31. Rd3 a5 32. Rd6 Rb4 33. b3 Rh4
34. Rxb6 Rh1+ 35. Kg2 Rh5 36. Rb5 Rxb5 37. Nxb5 Kf6 38. Na7 h5 39. Nc6 g5 40.
Nxa5 h4 41. Nc4 g4 42. a4 h3+ 43. Kh2 Kg5 44. Nd2 1-0

[Event "Raising The Roof Active"]
[Site "Vancouver CAN"]
[Date "2003.02.01"]
[Round "1"]
[White "Schuetzhold, Ralf"]
[Black "Moura, Eduardo"]
[Result "1/2-1/2"]
[WhiteElo "1792"]
[BlackElo "1872"]
[PlyCount "28"]
[EventDate "2003.02.01"]
[EventType "tourn (rapid)"]
[EventRounds "5"]
[EventCountry "CAN"]

1. e4 c5 2. Nf3 e6 3. d4 cxd4 4. Nxd4 a6 5. Bd3 Bc5 6. Nb3 Ba7 7. O-O Nc6 8. c3
Nf6 9. Bf4 d6 10. N1d2 b5 11. Rc1 e5 12. Bg3 Bb7 13. Re1 O-O 14. Nf1 d5 1/2-1/2

[Event "Raising The Roof Active"]
[Site "Vancouver CAN"]
[Date "2003.02.01"]
[Round "1"]
[White "Sladek, Vaclav"]
[Black "Wilkins, Robert"]
[Result "1-0"]
[WhiteElo "1894"]
[BlackElo "1625"]
[PlyCount "35"]
[EventDate "2003.02.01"]
[EventType "tourn (rapid)"]
[EventRounds "5"]
[EventCountry "CAN"]

1. d4 b5 2. Nf3 Bb7 3. e3 a6 4. c4 bxc4 5. Bxc4 e6 6. O-O Nf6 7. Nc3 Be7 8. Qe2
Bxf3 9. Qxf3 d5 10. Bd3 O-O 11. Rd1 c5 12. dxc5 Bxc5 13. e4 d4 14. e5 Nd5 15.
Nxd5 Qxd5 16. Be4 Qxe5 17. Bf4 Qf6 18. Bxa8 1-0

[Event "Raising The Roof Active"]
[Site "Vancouver CAN"]
[Date "2003.02.01"]
[Round "2"]
[White "Moura, Eduardo"]
[Black "Kosinski, George"]
[Result "1/2-1/2"]
[WhiteElo "1872"]
[BlackElo "1818"]
[PlyCount "67"]
[EventDate "2003.02.01"]
[EventType "tourn (rapid)"]
[EventRounds "5"]
[EventCountry "CAN"]

1. e4 c5 2. Nf3 e6 3. d4 cxd4 4. Nxd4 Nf6 5. Nc3 Nc6 6. Ndb5 d6 7. Bf4 e5 8.
Bg5 a6 9. Na3 b5 10. Nd5 Qa5+ 11. Bd2 Qd8 12. Bg5 Qa5+ 13. Bd2 Qd8 14. Nxf6+
Qxf6 15. c4 Qg6 16. f3 Be7 17. g3 f5 18. Bd3 O-O 19. cxb5 Nd4 20. Nc2 fxe4 21.
Bxe4 Bf5 22. Bd5+ Ne6 23. Ne3 Bh3 24. b6 Rab8 25. b7 Kh8 26. Rc1 Nc5 27. Rc3
Bf6 28. b4 Nd3+ 29. Ke2 Nxb4 30. Be4 Qf7 31. Qb3 d5 32. Nxd5 Be6 33. Qxb4 Bxd5
34. Bxd5 1/2-1/2

[Event "Raising The Roof Active"]
[Site "Vancouver CAN"]
[Date "2003.02.01"]
[Round "2"]
[White "Sladek, Vaclav"]
[Black "Schuetzhold, Ralf"]
[Result "1/2-1/2"]
[WhiteElo "1894"]
[BlackElo "1792"]
[PlyCount "42"]
[EventDate "2003.02.01"]
[EventType "tourn (rapid)"]
[EventRounds "5"]
[EventCountry "CAN"]

1. d4 e6 2. c4 f5 3. g3 d5 4. Bg2 Nf6 5. Nc3 c6 6. cxd5 exd5 7. Nf3 Bd6 8. O-O
O-O 9. Rb1 Nbd7 10. b4 a6 11. a4 Ne4 12. Qb3 Ndf6 13. b5 axb5 14. axb5 c5 15.
dxc5 Nxc5 16. Qd1 Bc7 17. Bg5 Nce4 18. Bxf6 Nxf6 19. Qb3 Ba5 20. Rfd1 Bxc3 21.
Qxc3 Be6 1/2-1/2

[Event "Raising The Roof Active"]
[Site "Vancouver CAN"]
[Date "2003.02.01"]
[Round "2"]
[White "Wilkins, Robert"]
[Black "Kury, Bill"]
[Result "0-1"]
[WhiteElo "1625"]
[BlackElo "1280"]
[PlyCount "58"]
[EventDate "2003.02.01"]
[EventType "tourn (rapid)"]
[EventRounds "5"]
[EventCountry "CAN"]

1. b4 Nf6 2. Bb2 e5 3. a3 d5 4. e3 Bd6 5. Be2 O-O 6. Nf3 Nc6 7. c4 e4 8. Nd4
Bd7 9. c5 Be7 10. b5 Nxd4 11. Bxd4 c6 12. a4 b6 13. bxc6 Bxc6 14. cxb6 axb6 15.
Qb3 Bc5 16. Bxc5 bxc5 17. Nc3 Rb8 18. Qc2 Re8 19. O-O d4 20. Bb5 Bxb5 21. Nxb5
Rc8 22. Qc4 Ng4 23. h3 Ne5 24. Qa2 Nd3 25. Qc4 Kh8 26. exd4 cxd4 27. Qxd4 Qg5
28. Qe3 Nf4 29. Qg3 Ne2+ 0-1

[Event "Raising The Roof Active"]
[Site "Vancouver CAN"]
[Date "2003.02.01"]
[Round "3"]
[White "Kosinski, George"]
[Black "Sladek, Vaclav"]
[Result "0-1"]
[WhiteElo "1818"]
[BlackElo "1894"]
[PlyCount "67"]
[EventDate "2003.02.01"]
[EventType "tourn (rapid)"]
[EventRounds "5"]
[EventCountry "CAN"]

1. c4 e5 2. Nc3 Nc6 3. g3 g6 4. Bg2 Bg7 5. d3 d6 6. e4 Nge7 7. Be3 Be6 8. Rc1
Qd7 9. Nge2 Bh3 10. O-O Bxg2 11. Kxg2 O-O 12. d4 exd4 13. Nxd4 Rae8 14. f4 f5
15. Bg1 fxe4 16. Nxe4 Nf5 17. Nxf5 Rxf5 18. Nc3 Nb4 19. Bd4 Qc6+ 20. Kg1 Qxc4
21. Bxg7 Kxg7 22. Na4 Qd3 23. Rxc7+ Rf7 24. Qxd3 Nxd3 25. Rxf7+ Kxf7 26. Rd1
Re1+ 27. Rxe1 Nxe1 28. Nc3 Nd3 29. b3 a6 30. Kf1 h5 31. Ke2 Nc5 32. Ke3 Ke6 33.
b4 Nd7 34. h3 0-1

[Event "Raising The Roof Active"]
[Site "Vancouver CAN"]
[Date "2003.02.01"]
[Round "3"]
[White "Kury, Bill"]
[Black "Moura, Eduardo"]
[Result "0-1"]
[WhiteElo "1280"]
[BlackElo "1872"]
[PlyCount "52"]
[EventDate "2003.02.01"]
[EventType "tourn (rapid)"]
[EventRounds "5"]
[EventCountry "CAN"]

1. e4 c5 2. c3 Nf6 3. e5 Nd5 4. Nf3 e6 5. d4 cxd4 6. cxd4 d6 7. Bd2 Nc6 8. exd6
Bxd6 9. Bb5 O-O 10. O-O Qb6 11. Bd3 Nxd4 12. Nc3 Nxc3 13. Bxc3 Nxf3+ 14. Qxf3
e5 15. Rfe1 Bd7 16. Bxe5 Bxe5 17. Rxe5 Qxb2 18. Rae1 Rae8 19. Re7 Rxe7 20. Rxe7
Qa1+ 21. Bf1 Bb5 22. h3 Qxf1+ 23. Kh2 Qc4 24. Re3 Bc6 25. Qf5 Qd5 26. Rg3 Qxf5
0-1

[Event "Raising The Roof Active"]
[Site "Vancouver CAN"]
[Date "2003.02.01"]
[Round "3"]
[White "Schuetzhold, Ralf"]
[Black "Wilkins, Robert"]
[Result "1-0"]
[WhiteElo "1792"]
[BlackElo "1625"]
[PlyCount "55"]
[EventDate "2003.02.01"]
[EventType "tourn (rapid)"]
[EventRounds "5"]
[EventCountry "CAN"]

1. e4 e6 2. d4 a6 3. Nf3 b5 4. a4 b4 5. c4 bxc3 6. bxc3 Bb7 7. Bd3 Be7 8. Qb3
Qc8 9. O-O Nf6 10. Re1 O-O 11. Ba3 d6 12. Nbd2 Nbd7 13. Qc2 h6 14. c4 c5 15. e5
dxe5 16. dxe5 Ne8 17. Ne4 f5 18. exf6 Nexf6 19. Ned2 Qc6 20. Ne4 Rae8 21. Rab1
Ba8 22. Nc3 Ng4 23. Be4 Qc7 24. Bxa8 Rxa8 25. Qe4 Rxf3 26. Qxf3 Qxh2+ 27. Kf1
Rf8 28. Qxg4 1-0